Capitals of Countries Bordering Belarus - Statistics

General Stats
  • This quiz has been taken 93 times
  • The average score is 5 of 5
Answer Stats
Country Capital % Correct
Russia Moscow
100%
Ukraine Kiev
99%
Poland Warsaw
99%
Latvia Riga
95%
Lithuania Vilnius
94%
No matching quizzes found
Score Distribution
Percent of People with Each Score
Percentile by Number Answered
Your Score History
You have not taken this quiz